| 000 | 00589nam a2200229Ia 4500 | ||
|---|---|---|---|
| 008 | 160803s9999 xx 000 0 und d | ||
| 020 | _a9780531292532 | ||
| 100 | _aSheperd, Jodie | ||
| 245 | 2 | _aA day with mail carriers / | |
| 245 | _cby Jodie Shepherd. | ||
| 260 | _aNew York : | ||
| 260 | _bScholastic Inc. | ||
| 260 | _c2013 | ||
| 300 | _a32 pages : | ||
| 300 | _bcolor illustrations ; | ||
| 300 | _c18 cm. | ||
| 440 | _aRookie read-about community. | ||
| 500 | _aIncludes index. | ||
| 650 | _aLetter carriers -- | ||
| 650 | _xJuvenile literature. | ||
| 700 | _a470 | ||
| 999 |
_c299684 _d299684 |
||